Kapitoly z managementu a marketingu (pre účtovníkov a audítorov)

Salvato in:
Dettagli Bibliografici
Autori principali: Körmendy, Viliam, Piškanin, Andrej (Autore)
Natura: Libro
Lingua:slovacco
Pubblicazione: Bratislava Slovenský zväz účtovníkov a audítorov 1991
Soggetti:
Accesso online:Visualizza in OPAC
Tags: Aggiungi Tag
Nessun Tag, puoi essere il primo ad aggiungerne!!

MARC

LEADER 00000nam a2200000 a 4500
005 20260127134225.0
008 081114s1991 xo slo d
020 |c 51.97 
035 |a vtls009363866 
035 |a SLLK2664 
039 9 |a 200811261237  |b mschk03  |y 200811142352  |z VLOAD 
040 |a SLLK  |b slo  |c SLLK  |d STUSCHK1 
041 0 |a slo 
080 |a 65.01(035) 
080 |a 339.13 
100 1 |a Körmendy, Viliam 
245 1 |a Kapitoly z managementu a marketingu  |b (pre účtovníkov a audítorov)  |c Viliam Körmendy 
260 |a Bratislava  |b Slovenský zväz účtovníkov a audítorov  |c 1991 
300 |a 34 s. brož. 
650 0 7 |a manažment  |2 SLLK 
650 0 7 |a marketing  |2 SLLK 
700 1 |a Piškanin, Andrej  |4 aut 
910 |a sllk 
910 |a SCHK95 
999 |c 7121  |d 7121